Political economy of agricultural markets in South India : Masters of the country side (Record no. 41036)

MARC details
000 -LEADER
fixed length control field 00356nam a2200109Ia 4500
082 ## - DEWEY DECIMAL CLASSIFICATION NUMBER
Classification number 338.43.02(548)
Item number HAR
100 ## - MAIN ENTRY--AUTHOR NAME
Personal name Harriss-White, Barbara
245 #0 - TITLE STATEMENT
Title Political economy of agricultural markets in South India : Masters of the country side
260 ## - PUBLICATION, DISTRIBUTION, ETC. (IMPRINT)
Place of publication New Delhi
Name of publisher Sage Publications
Year of publication 1996
942 ## - ADDED ENTRY ELEMENTS (KOHA)
Koha item type Books
Holdings
Withdrawn status Lost status Damaged status Not for loan Home library Current library Date acquired Cost, normal purchase price Full call number Accession Number Koha item type
        RRII Library RRII Library 16/12/2021 395.00 338.43.02(548) HAR 21328 Books